000 00543nam a2200193 4500
003 OSt
005 20240621012802.0
006 a
008 240621b |||||||| |||| 00| 0 eng d
020 _a9712717798
040 _aDWCL-Main lib.
_cOC
082 _aFil. 808.8 C932 2006
100 _aCarpio, Rustica C.
245 _aCrisscrossing through Afro-Asian literature /
260 _aPasig City :
_bAnvil Pub. Inc. ,
_cc2006.
300 _axv,
_b449 p. ;
_c26 cm.
650 _a1. Literature-Collections.
942 _2ddc
_n0
_cBK-CIRC
_kCirc.
999 _c1033
_d1033